История Отечества: учебник

Бібліографічні деталі
Інші автори: Поляк Г. Б. Георгий Борисович (редактор)
Мова:Російська
Опубліковано: Москва, ЮНИТИ-ДАНА, 2004
Редагування:2-е изд., перераб. и доп.
Предмети:
Формат: Книга
KOHA link:https://koha.lib.tpu.ru/cgi-bin/koha/opac-detail.pl?biblionumber=69383

MARC

LEADER 00000nam0a2200000 4500
001 69383
005 20241129172906.0
010 |a 5238004613 
035 |a (RuTPU)RU\TPU\book\73881 
090 |a 69383 
100 |a 20041025d2004 m y0rusy50 ca 
101 0 |a rus 
102 |a RU 
105 |a a j 000zy 
200 1 |a История Отечества  |e учебник  |f Под ред. Г. Б. Поляка 
205 |a 2-е изд., перераб. и доп. 
210 |a Москва  |c ЮНИТИ-ДАНА  |d 2004 
215 |a 655 с.  |c ил. 
606 |a Россия  |x История  |9 81526 
610 1 |a учебники 
610 1 |a славянские государства 
610 1 |a славянские народы 
610 1 |a праславянские культуры 
610 1 |a Древнерусское государство 
610 1 |a культура 
610 1 |a Древняя Русь 
610 1 |a монголо-татарское нашествие 
610 1 |a Куликовская битва 
610 1 |a Смутное время 
610 1 |a экономика 
610 1 |a государственное управление 
610 1 |a реформы 
610 1 |a внутренняя политика 
610 1 |a буржуазно-демократические революции 
610 1 |a русско-японская война 
610 1 |a войны 
610 1 |a Февральская революция 
610 1 |a Октябрьская революция 
610 1 |a Гражданская война 1918-1921 
610 1 |a новая экономическая политика 
610 1 |a НЭП 
610 1 |a социализм 
610 1 |a внешняя политика 
610 1 |a Великая Отечественная война 1941-1945 
610 1 |a рыночная экономика 
610 1 |a 1 век до н.э. 
610 1 |a 2 век до н.э. 
610 1 |a 1 век 
610 1 |a 2 век 
610 1 |a 3 век 
610 1 |a 4 век 
610 1 |a 5 век 
610 1 |a 6 век 
610 1 |a 7 век 
610 1 |a 8 век 
610 1 |a 9 век 
610 1 |a 10 век 
610 1 |a 11 век 
610 1 |a 12 век 
610 1 |a 13 век 
610 1 |a 14 век 
610 1 |a 15 век 
610 1 |a 16 век 
610 1 |a 17 век 
610 1 |a 18 век 
610 1 |a 19 век 
610 1 |a 20 век 
686 |a Т3(2)я73  |2 rubbk 
702 1 |a Поляк  |b Г. Б.  |g Георгий Борисович  |4 340 
801 1 |a RU  |b 63413507  |c 20041025  |g PSBO 
801 2 |a RU  |b 63413507  |c 20120625  |g PSBO 
942 |c BK